Statistics for Infamous Criminals Quiz

Click here to take the quiz!

General Stats

  • This quiz has been taken 27,168 times
    (12,228 since last reset)
  • The average score is 10 of 20

Answer Stats

Description Criminal % Correct
Shot Abraham LincolnJohn Wilkes Booth
82%
Unidentified serial killer who killed prostitutes in Victorian LondonJack the Ripper
82%
Shot JFKLee Harvey Oswald
81%
Chicago gangster known as "Scarface"Al Capone
80%
His "family" committed several murders in the late 1960'sCharles Manson
74%
Allegedly killed his ex-wife and Ron GoldmanO.J. Simpson
72%
Old West outlaw also known as William H. BonneyBilly the Kid
61%
Most famous of the people who tried to blow up Parliament in 1605Guy Fawkes
59%
Shot the guy who shot JFKJack Ruby
56%
Mail bomber whose manifesto was published in the New York TimesTed Kaczynski
53%
Subway sandwich enthusiast who collected child pornographyJared Fogle
45%
Cannibal who killed 17 people in WisconsinJeffrey Dahmer
40%
Blew up the Oklahoma City federal buildingTimothy McVeigh
40%
Shot Robert KennedySirhan Sirhan
39%
She was accused of killing her father and stepmother with a hatchetLizzie Borden
38%
1930's bank robber portrayed by Johnny Depp in "Public Enemies"John Dillinger
38%
Serial killer who dressed as "Pogo the Clown"John Wayne Gacy
35%
Shot John LennonMark David Chapman
27%
"Teflon Don" who led the Gambino crime familyJohn Gotti
23%
Shot Martin Luther KingJames Earl Ray
18%

Score Distribution

Percentile by Number Answered

Percent of People with Each Score

Your Score History

You have not taken this quiz since the last reset